[Event "Udaipur Pandiyar op 8th"]
[Site "Udaipur"]
[Date "2023.10.15"]
[Round "1"]
[White "Binayak, Verma"]
[Black "Rakesh, Kumar Nayak"]
[Result "0-1"]
[WhiteElo "1232"]
[BlackElo "1995"]
[PlyCount "90"]
[EventDate "2023.10.15"]
[EventType "swiss"]
[EventRounds "9"]
[EventCountry "IND"]
[SourceTitle "Mega2024 Update 01"]
[Source "Chessbase"]
[SourceDate "2023.11.12"]
[SourceVersion "1"]
[SourceVersionDate "2023.11.12"]
[SourceQuality "1"]

1. e4 e5 2. Nf3 Nc6 3. Bc4 Nf6 4. d3 Be7 5. Nbd2 d6 6. c3 0-0 7. Nf1 Be6 8. Bb3 d5 9. Ng3 dxe4 10. dxe4 Qxd1+ 11. Kxd1 Bc5 12. Ke2 a5 13. Be3 Bxe3 14. Kxe3 a4 15. Bxe6 fxe6 16. b3 h6 17. h3 Rfd8 18. b4 Nd7 19. Ke2 b5 20. Rhd1 Nb6 21. Nf1 Nc4 22. Ne3 Nb2 23. Rxd8+ Rxd8 24. Nd1 Nd3 25. g3 Rd6 26. a3 Nb8 27. Ne3 Nc6 28. Rd1 Nb2 29. Rd2 Nc4 30. Nxc4 bxc4 31. b5 Na7 32. Nxe5 Nxb5 33. Rxd6 cxd6 34. Nxc4 Nxc3+ 35. Kd3 Nb5 36. Nb2 Nxa3 37. Nxa4 Nb5 38. Kc4 Nc7 39. Nb6 Kf7 40. Nc8 d5+ 41. Kd4 dxe4 42. Nd6+ Ke7 43. Nxe4 Nd5 44. Ke5 Nb4 45. f4 Nc6# 0-1